[Event "Treviglio Province-ch"]
[Site "Treviglio"]
[Date "2014.01.18"]
[Round "1"]
[White "Ferrari, Paolo"]
[Black "Corbellini, Nicola"]
[Result "1/2-1/2"]
[WhiteElo "1661"]
[BlackElo "1938"]
[PlyCount "103"]
[EventDate "2014.01.18"]
[EventType "swiss"]
[EventRounds "6"]
[EventCountry "ITA"]
[SourceTitle "EXT 2016"]
[Source "ChessBase"]
[SourceDate "2015.10.08"]
[SourceVersion "1"]
[SourceVersionDate "2015.10.08"]
[SourceQuality "1"]

1. d4 d5 2. c4 e6 3. Nc3 Nf6 4. Bg5 Nbd7 5. Nf3 c6 6. e3 Qa5 7. Nd2 Bb4 8. Qc2 0-0 9. Nb3 Qc7 10. Bd3 c5 11. Nd2 a6 12. 0-0 dxc4 13. Nxc4 cxd4 14. exd4 b5 15. Nd2 Bb7 16. Rac1 h6 17. Bh4 Rac8 18. Nde4 Nxe4 19. Bxe4 Bd6 20. Bg3 Bxg3 21. hxg3 Nf6 22. Bxb7 Qxb7 23. Qd3 Rfd8 24. f3 Qb6 25. Ne2 Nd5 26. a3 Ne7 27. Rxc8 Rxc8 28. Rc1 Rd8 29. Qc3 Nf5 30. Qc5 Qd6 31. Qxd6 Rxd6 32. Rc8+ Kh7 33. Rc7 Kg8 34. Rc8+ Kh7 35. Rc7 f6 36. Ra7 Ne3 37. Nc3 Rxd4 38. Rxa6 Rd2 39. Rxe6 Nxg2 40. Re2 Rxe2 41. Nxe2 Ne3 42. Nd4 Nc4 43. Nxb5 Nxb2 44. Nc3 Kg6 45. Kf2 Kf5 46. g4+ Ke5 47. Ne4 g6 48. Ke2 h5 49. gxh5 gxh5 50. Kf2 f5 51. Nc3 Kf4 52. Ne2+ 1/2-1/2

[Event "Bergamo op 7th"]
[Site "Bergamo"]
[Date "2008.09.12"]
[Round "2"]
[White "Corbellini, Nicola"]
[Black "Scipioni, Gaetano"]
[Result "0-1"]
[WhiteElo "1963"]
[BlackElo "2077"]
[PlyCount "88"]
[EventDate "2008.09.12"]
[EventType "swiss"]
[EventRounds "6"]
[EventCountry "ITA"]
[SourceTitle "CBM 126 Extra"]
[Source "ChessBase"]
[SourceDate "2008.11.05"]
[SourceVersion "1"]
[SourceVersionDate "2008.11.05"]
[SourceQuality "1"]

1. e4 d6 2. d4 Nf6 3. Nc3 c6 4. Be3 Nbd7 5. h3 e5 6. dxe5 dxe5 7. Nf3 Be7 8. Bd3 0-0 9. 0-0 b5 10. Ne2 Bb7 11. Ng3 g6 12. Re1 Qc7 13. Qe2 Rfe8 14. c3 a6 15. Bc2 c5 16. Nh2 c4 17. Bg5 Nc5 18. Bxf6 Bxf6 19. Ng4 Bg7 20. Ne3 Ne6 21. Rad1 Nf4 22. Qf3 f5 23. Nd5 Bxd5 24. exd5 Bh6 25. d6 Qc5 26. b4 cxb3 27. Bxb3+ Kh8 28. d7 Rf8 29. Qb7 e4 30. Bf7 Rab8 31. Qxa6 Nd3 32. Rxd3 exd3 33. Re8 d2 34. Qf6+ Bg7 35. d8Q Rxe8 36. Bxe8 d1Q+ 37. Qxd1 Bxf6 38. Bf7 Qxc3 39. Ne2 Qe5 40. Ng3 Rd8 41. Qb3 Qe1+ 42. Kh2 Rd1 43. Nxf5 gxf5 44. Qa3 Be5+ 0-1

[Event "Crema op 09th"]
[Site "Crema"]
[Date "2007.09.08"]
[Round "3"]
[White "Corbellini, Nicola"]
[Black "Stella, Andrea"]
[Result "1/2-1/2"]
[WhiteElo "1533"]
[BlackElo "2132"]
[PlyCount "46"]
[EventDate "2007.09.07"]
[EventType "swiss"]
[EventRounds "6"]
[EventCountry "ITA"]
[SourceTitle "EXT 2009"]
[Source "ChessBase"]
[SourceDate "2008.11.26"]
[SourceVersion "1"]
[SourceVersionDate "2008.11.26"]
[SourceQuality "1"]

1. e4 e6 2. d4 d5 3. Nc3 Bb4 4. e5 c5 5. a3 Bxc3+ 6. bxc3 Qa5 7. Bd2 Qa4 8. Qg4 g6 9. Nf3 Nc6 10. Bd3 c4 11. Be2 Qxc2 12. 0-0 Bd7 13. a4 Na5 14. Bd1 Qb2 15. Be2 Qc2 16. Bd1 Qb2 17. Be2 Qb6 18. Rfb1 Qc7 19. Bd1 Ne7 20. Bg5 h5 21. Qf4 Ng8 22. Bc2 Nc6 23. Nh4 Nce7 1/2-1/2

[Event "Crema op 09th"]
[Site "Crema"]
[Date "2007.09.08"]
[Round "4"]
[White "Romagnoli, Franco"]
[Black "Corbellini, Nicola"]
[Result "1/2-1/2"]
[WhiteElo "2111"]
[BlackElo "1533"]
[PlyCount "43"]
[EventDate "2007.09.07"]
[EventType "swiss"]
[EventRounds "6"]
[EventCountry "ITA"]
[SourceTitle "EXT 2009"]
[Source "ChessBase"]
[SourceDate "2008.11.26"]
[SourceVersion "1"]
[SourceVersionDate "2008.11.26"]
[SourceQuality "1"]

1. e4 c5 2. b4 b6 3. bxc5 bxc5 4. Nc3 d6 5. Bc4 Nf6 6. h3 Nc6 7. Nf3 e6 8. 0-0 Be7 9. Re1 Qc7 10. Nb5 Qa5 11. Nxd6+ Bxd6 12. e5 Bxe5 13. Nxe5 Nxe5 14. Rxe5 0-0 15. Rb1 Qc7 16. Bb2 Rb8 17. Rg5 Rxb2 18. Rxb2 Qf4 19. Rxc5 Ne4 20. Ra5 Qxf2+ 21. Kh1 Qd4 22. Qf3 1/2-1/2

[Event "Bergamo op 19th"]
[Site "Bergamo"]
[Date "2007.01.14"]
[Round "3"]
[White "Milanesi, Erminio"]
[Black "Corbellini, Nicola"]
[Result "1-0"]
[WhiteElo "1878"]
[BlackElo "1521"]
[PlyCount "73"]
[EventDate "2007.01.13"]
[EventType "swiss"]
[EventRounds "6"]
[EventCountry "ITA"]
[SourceTitle "EXT 2009"]
[Source "ChessBase"]
[SourceDate "2008.11.26"]
[SourceVersion "1"]
[SourceVersionDate "2008.11.26"]
[SourceQuality "1"]

1. e4 c5 2. d3 d6 3. g3 b5 4. Nh3 Bb7 5. Bg2 Nf6 6. 0-0 e6 7. f3 Nc6 8. Nf2 Be7 9. Be3 0-0 10. Nc3 d5 11. Nxb5 Qb6 12. a4 a6 13. Na3 Qxb2 14. Qd2 Qb6 15. Rfb1 Qc7 16. c3 Rfd8 17. d4 dxe4 18. fxe4 cxd4 19. cxd4 Bxa3 20. Rxa3 Qd6 21. Rab3 Nxd4 22. Rxb7 e5 23. Bxd4 exd4 24. Qd3 Rac8 25. R7b6 Qd7 26. Qxa6 d3 27. e5 Nd5 28. Rd6 Nc7 29. Rxd7 Nxa6 30. Rxd8+ Rxd8 31. Rd1 Nc5 32. a5 d2 33. Ne4 Nb3 34. a6 Rc8 35. Nxd2 Rd8 36. a7 Nxd2 37. Rxd2 1-0